|
|
|
|
| LEADER |
00752nam a2200181 a 4500 |
| 008 |
091025s2000 bg b 001 0 eng d |
| 020 |
|
|
|a 9840515284
|
| 082 |
0 |
0 |
|a 350.095492
|2 22
|
| 100 |
1 |
|
|a Chowdhury, Mustafa.
|
| 245 |
1 |
4 |
|a Understanding Public Administration /
|c Mustafa Chowdhury
|
| 260 |
|
|
|a Dhaka :
|b University Press,
|c 2000.
|
| 300 |
|
|
|a vii,102 p. :
|b ill. ;
|c 24 cm.
|
| 504 |
|
|
|a Includes bibliographical references and index.
|
| 541 |
1 |
|
|e 00008365
|
| 650 |
|
0 |
|a Public Administration
|z Bangladesh
|
| 852 |
4 |
|
|a Ayesha Abed Library
|j General Shelf
|
| 999 |
|
|
|c 5245
|d 5245
|
| 952 |
|
|
|0 0
|1 0
|2 ddc
|4 0
|6 350_095492000000000_CHO_2000
|7 0
|9 5090
|a BRACUL
|b BRACUL
|c GEN
|d 2009-11-08
|g 160.00
|l 1
|m 2
|o 350.095492 CHO
|p 3010008365
|r 2016-07-24
|s 2016-07-11
|t 1
|v 320.00
|w 2009-11-08
|y BK
|